| 000 | 00979nam a2200289Ia 4500 | ||
|---|---|---|---|
| 005 | 20220316235525.0 | ||
| 008 | 121119s2000 mx gr 000 j spa | ||
| 020 | _a9681660811 | ||
| 041 | 1 | _aspa | |
| 100 | 1 | _aCantin, Marc | |
| 245 | 1 | 0 |
_aPrincesa Ana _cMarc Cantin ; ilustraciones, Martin Jarrie ; traducción de Diana Luz Sanchez |
| 250 | _aPrimera edición | ||
| 300 |
_a30 páginas _c24 cm |
||
| 490 | 0 | _aLos especiales de a la orilla del viento | |
| 650 | 1 | 0 |
_aCuentos infantiles franceses _2LEMB |
| 650 | 1 | 0 |
_aLiteratura infantil francesa _2LEMB |
| 650 | 1 | 0 |
_aPrincesas en la literatura _2LEMB |
| 700 | 1 |
_aJarrie, Martin _eilustrador _938417 |
|
| 700 | 1 |
_aSánchez, Diana Luz _etraductor _938418 |
|
| 942 |
_2loc _cBKINF |
||
| 264 |
_aMéxico _bFondo de Cultura Económica _c2000 |
||
| 336 |
_atexto _btxt _2rdacontent |
||
| 337 |
_asin mediación _bn _2rdamedia |
||
| 338 |
_avolumen _bnc _2rdacarrier |
||
| 040 |
_aCO-BoRNBP _bspa _erda _cCO-BoRNBP |
||
| 084 | _aC CAN6 | ||
| 999 |
_c1231 _d1231 |
||